000 00659nam a2200193 4500
999 _c165095
_d165095
005 20190607122937.0
010 _aENG-125501
020 _a9789388398862
_c200.00
035 _aEN-109033
037 _bDBAD/PUB
082 _a662.1
100 _aPitchipoo, P.
245 _aFireworks production and safety /
_cby P.Pitchipoo, P. Marichamy [and] Johnson Raja
260 _aTamil Nadu
_bShanlax Publications
_c2019
270 _a61,66 T.P.K. Main Road
_bVasantha Nagar, Madurai
_e625003
_mpublisher@shanlaxpublications.com
300 _a142p.
_c22cm(pbk)
500 _aIncludes bibliographical references
942 _2ddc
_cEN
_h662.1
_mPIT